| 000 | 00367nam a2200145Ia 4500 | ||
|---|---|---|---|
| 008 | 210210b1987 xxu||||| |||| 00| 0 eng d | ||
| 082 | _a346.07 GUPM | ||
| 100 | _aGUPTA (M P) & SAXENA ( S B). | ||
| 245 | _aMercantile law. | ||
| 260 |
_aMadras _bAllied Publishers _c1987 |
||
| 300 | _ax,590 | ||
| 650 | _aCommercial law | ||
| 690 | _aMercantile Law | ||
| 906 | _a040435 | ||
| 999 |
_c90276 _d90276 |
||